000 00634nam a2200217 i 4500
001 133880
003 ES-MaACL
005 20230906194542.0
007 t|
008 070903s1949 ag ||||1| spa d
100 1 _aWright, Richard.
_9117421
245 1 0 _aSangre negra /
_cRichard Wright ; traducción Pedro Lecuona.
250 _a5ª ed.
260 _aBuenos Aires :
_bEdit. Sudamericana,
_c[1949] (
_fCia. Impresora Argentina)
300 _a566 p. ;
_c19 cm.
490 1 _aHorizonte
700 1 _aLecuona, Pedro.
_971125
830 0 _aHorizonte
_9180916
852 _aES-MaACL
_jD-4777
_bR.29887
999 _c133880
_d133880